Statistics for Pokémon Abilities A-Z

Click here to take the quiz!

General Stats

  • This quiz has been taken 24 times
  • The average score is 16 of 24

Answer Stats

HintAnswer% Correct
I(15)Ice Body|Ice Face|Ice Scales|Illuminate|Illusion|Immunity|Imposter|Infiltrator|Innards Out|
Inner Focus|Insomnia|Intimidate|Intrepid Sword|Iron Barbs|Iron Fist
100%
R(12)Rain Dish|Rattled|Receiver|Reckless|Refrigerate|Regenerator|Ripen|Rivalry|RKS System|
Rock Head|Rough Skin|Run Away
100%
S(52)Sand Force|Sand Rush|Sand Spit|Sand Stream|Sand Veil|Sap Sipper|Schooling|Scrappy|
Screen Cleaner|Serene Grace|Shadow Shield|Shadow Tag|Shed Skin|Sheer Force|
Shell Armor|Shield Dust|Shields Down|Simple|Skill Link|Slow Start|Slush Rush|Sniper|
Snow Cloak|Snow Warning|Solar Power|Solid Rock|Soul-Heart|Soundproof|Speed Boost|
Stakeout|Stall|Stalwart|Stamina|Stance Change|Static|Steadfast|Steam Engine|
Steelworker|Steely Spirit|Stench|Sticky Hold|Storm Drain|Strong Jaw|Sturdy|Suction Cups|
Super Luck|Surge Surfer|Swarm|Sweet Veil|Swift Swim|Symbiosis|Synchronize
100%
B(10)Bad Dreams|Ball Fetch|Battery|Battle Armor|Battle Bond|Beast Boost|Berserk|Big Pecks|Blaze|
Bulletproof
93%
L(9)Leaf Guard|Levitate|Libero|Light Metal|Lightningrod|Limber|Liquid Ooze|Liquid Voice|
Long Reach
93%
P(22)Parental Bond|Pastel Veil|Perish Body|Pickpocket|Pickup|Pixilate|Plus|Poison Heal|
Poison Point|Poison Touch|Power Construct|Power of Alchemy|Power Spot|Prankster|
Pressure|Primordial Sea|Prism Armor|Propeller Tail|Protean|Psychic Surge|Punk Rock|
Pure Power
93%
A(11)Adaptability|Aerilate|Aftermath|Air Lock|Analytic|Anger Point|Anticipation|Arena Trap|
Aroma Veil|As One|Aura Break
86%
C(15)Cheek Pouch|Chilling Neigh|Chlorophyll|Clear Body|Cloud Nine|Color Change|Comatose|
Competitive|Compound Eyes|Contrary|Corrosion|Cotton Down|Curious Medicine|Cursed Body|
Cute Charm
86%
D(15)Damp|Dancer|Dark Aura|Dauntless Shield|Dazzling|Defeatist|Defiant|Delta Stream|
Desolate Land|Disguise|Download|Dragon's Maw|Drizzle|Drought|Dry Skin
86%
F(14)Fairy Aura|Filter|Flame Body|Flare Boost|Flash Fire|Flower Gift|Flower Veil|Fluffy|Forecast|
Forewarn|Friend Guard|Frisk|Full Metal Body|Fur Coat
79%
E(4)Early Bird|Effect Spore|Electric Surge|Emergency Exit
71%
T(15)Tangled Feet|Tangling Hair|Technician|Telepathy|Terravolt|Thick Fat|Tinted Lens|Torrent|
Tough Claws|Toxic Boost|Trace|Transistor|Triage|Truant|Turboblaze
71%
W(10)Wandering Spirit|Water Absorb|Water Bubble|Water Compaction|Water Veil|Weak Armor|
White Smoke|Wimp Out|Wonder Guard|Wonder Skin
71%
M(19)Magic Bounce|Magic Guard|Magician|Magma Armor|Magnet Pull|Marvel Scale|
Mega Launcher|Merciless|Mimicry|Minus|Mirror Armor|Misty Surge|Mold Breaker|Moody|
Motor Drive|Moxie|Multiscale|Multitype|Mummy
64%
O(4)Oblivious|Overcoat|Overgrow|Own Tempo
57%
G(10)Gale Wings|Galvanize|Gluttony|Gooey|Gorilla Tactics|Grass Pelt|Grassy Surge|Grim Neigh|
Gulp Missile|Guts
50%
U(4)Unaware|Unburden|Unnerve|Unseen Fist
50%
V(3)Victory Star|Vital Spirit|Volt Absorb
50%
H(10)Harvest|Healer|Heatproof|Heavy Metal|Honey Gather|Huge Power|Hunger Switch|Hustle|
Hydration|Hyper Cutter
43%
K(2)Keen Eye|Klutz
43%
N(5)Natural Cure|Neuroforce|Neutralizing Gas|No Guard|Normalize
43%
Q(3)Queenly Majesty|Quick Draw|Quick Feet
43%
J(1)Justified
29%
Z(1)Zen Mode
14%

Score Distribution

Percentile by Number Answered

Percent of People with Each Score

Your Score History

You have not taken this quiz